00458nam a2200133Ia 4500008004100000100002600041245008200067245002600149260005300175260000900228300001100237650001500248856006100263170221s9999 xx 000 0 und d aElena Ph. Komandyshko aArts Management Innovative Technologies in the Creative Development of Youth  cElena Ph. Komandyshko bInternational Review of Management and Marketing c2016 a6 : 3S xMarketing. uhttp://www.econjournals.com/index.php/irmm/issue/view/75